| 000 -LEADER |
| fixed length control field |
01413 a2200277 4500 |
| 003 - CONTROL NUMBER IDENTIFIER |
| control field |
Nust |
| 005 - DATE AND TIME OF LATEST TRANSACTION |
| control field |
20221212181312.0 |
| 010 ## - LIBRARY OF CONGRESS CONTROL NUMBER |
| LC control number |
2003046441 |
| 020 ## - INTERNATIONAL STANDARD BOOK NUMBER |
| International Standard Book Number |
0071198482 |
| 020 ## - INTERNATIONAL STANDARD BOOK NUMBER |
| International Standard Book Number |
007246352X |
| 040 ## - CATALOGING SOURCE |
| Transcribing agency |
Nust |
| 082 00 - DEWEY DECIMAL CLASSIFICATION NUMBER |
| Classification number |
621.3821,LEO |
| 100 1# - MAIN ENTRY--PERSONAL NAME |
| Personal name |
Leon-Garcia, Alberto. |
| 9 (RLIN) |
69592 |
| 245 10 - TITLE STATEMENT |
| Title |
Communication networks : |
| Remainder of title |
fundamental concepts and key architectures / |
| Statement of responsibility, etc. |
Alberto Leon-Garcia, Indra Wadjaja. |
| 250 ## - EDITION STATEMENT |
| Edition statement |
2nd ed. |
| 260 ## - PUBLICATION, DISTRIBUTION, ETC. |
| Place of publication, distribution, etc. |
Boston : |
| Name of publisher, distributor, etc. |
McGraw-Hill, |
| Date of publication, distribution, etc. |
2004. |
| 300 ## - PHYSICAL DESCRIPTION |
| Extent |
xxvii, 900 p. : |
| Other physical details |
ill. ; |
| Dimensions |
24 cm. |
| 505 ## - FORMATTED CONTENTS NOTE |
| Formatted contents note |
Communication Networks and Services (Page-1), Layered Architectures (Page-34), Digital Transmission Fundamentals (Page-99), Circuit-Switching Networks (Page-206), Peer-to-Peer Protocols and Data Link Layer (Page-282), Medium Access Control Protocols and Local Area Networks (Page-368), Packet-Switching Networks (Page-490), TCP/IP (Page-572), ATM Networks (Page-660), Advanced Network Architectures (Page-705), Security Protocols (Page-763), Multimedia Information (Page-800). |
| 650 #0 - SUBJECT ADDED ENTRY--TOPICAL TERM |
| Topical term or geographic name entry element |
Computer network architectures. |
| 650 #0 - SUBJECT ADDED ENTRY--TOPICAL TERM |
| Topical term or geographic name entry element |
Computer networks. |
| 9 (RLIN) |
3677 |
| 650 #0 - SUBJECT ADDED ENTRY--TOPICAL TERM |
| Topical term or geographic name entry element |
Telecommunication systems. |
| 9 (RLIN) |
21843 |
| 700 1# - ADDED ENTRY--PERSONAL NAME |
| Personal name |
Widjaja, Indra. |
| Dates associated with a name |
1960- |
| 9 (RLIN) |
104673 |
| 856 42 - ELECTRONIC LOCATION AND ACCESS |
| Materials specified |
Publisher description |
| Uniform Resource Identifier |
<a href="http://www.loc.gov/catdir/description/mh031/2003046441.html">http://www.loc.gov/catdir/description/mh031/2003046441.html</a> |
| 856 42 - ELECTRONIC LOCATION AND ACCESS |
| Materials specified |
Table of contents |
| Uniform Resource Identifier |
<a href="http://www.loc.gov/catdir/toc/mh031/2003046441.html">http://www.loc.gov/catdir/toc/mh031/2003046441.html</a> |
| 942 ## - ADDED ENTRY ELEMENTS (KOHA) |
| Source of classification or shelving scheme |
|
| Koha item type |
Book |